000 00610nam a2200229Ia 4500
003 OSt
005 20220928103730.0
006 a|||||r|||| 00| 0
007 ta
008 220927b |||||||| |||| 00| 0 eng d
024 _a49661
037 _cTextual
040 _aSDCL
_cSDCL
_beng
041 _2eng
_aeng
082 _aO152,2N00x, M5
100 _aPant Sumitra Nandan
_9392914
245 0 _aPari tatha anya natak.
260 _aAllahabad
_bAtul Prakashan
_c1985
300 _a240p.
_ccm.
942 _hO152,2N00x, M5
_cTEXL
_2CC
999 _c722374
_d722374